[Event "Autumn Cup"]
[Site "Box Hill"]
[Date "2002.02.22"]
[Round "3.4"]
[White "Meydan, Arie"]
[Black "Dizdarevic, Mehmedalija"]
[Result "1-0"]
[WhiteElo "1804"]
[BlackElo "1912"]
[Annotator "jd"]
[PlyCount "57"]
[EventDate "2002.02.08"]

1. d4 Nf6 2. Bg5 g6 3. Bxf6 exf6 4. e4 Bg7 5. Bd3 O-O 6. Ne2 d5 7. O-O dxe4 8.
Bxe4 c6 9. c3 Qb6 10. Qc2 Nd7 11. Nd2 f5 12. Nc4 Qc7 13. Bf3 Nf6 14. h3 Be6 15.
b3 Rad8 16. Rad1 Rfe8 17. Ne5 Ne4 18. Bxe4 fxe4 19. Ng3 f5 20. Nc4 b5 21. Nb2
e3 22. Ne2 exf2+ 23. Rxf2 Bh6 24. Kh1 Bd5 25. Nd3 Be3 26. Rff1 Be4 27. Qb2 Qd6
28. Ne5 g5 29. Ng3 {white won after 60 moves} 1-0

[Event "Autumn Cup"]
[Site "Box Hill"]
[Date "2002.02.22"]
[Round "3.5"]
[White "Raine, Marcus"]
[Black "Wheelwright, Philip"]
[Result "1-0"]
[WhiteElo "1912"]
[BlackElo "1826"]
[Annotator "jd"]
[PlyCount "71"]
[EventDate "2002.02.08"]

1. d4 Nf6 2. c4 g6 3. Nc3 d5 4. Bg5 e6 5. Nf3 c6 6. c5 Bg7 7. e4 Qa5 8. Bxf6
Bxf6 9. e5 Be7 10. a3 b5 11. Bd3 Nd7 12. O-O Qc7 13. Qd2 Bxc5 14. dxc5 Nxc5 15.
b4 Nb3 16. Qh6 Nxa1 17. Qg7 Rf8 18. Bxb5 Nc2 19. Ba4 Nxa3 20. Ng5 Bd7 21. Nxh7
O-O-O 22. Nxf8 Nc4 23. Ra1 Be8 24. Qf6 Kb8 25. Bb3 Nd2 26. Bc2 d4 27. Ne4 Nxe4
28. Bxe4 Bd7 29. Qxf7 g5 30. Nxd7+ Rxd7 31. Qxe6 d3 32. Qxc6 Qxc6 33. Bxc6 Rc7
34. b5 a5 35. e6 d2 36. Rd1 1-0

[Event "Autumn Cup"]
[Site "Box Hill"]
[Date "2002.02.22"]
[Round "3.6"]
[White "Wen, Phillip"]
[Black "Kildisas, Victor E"]
[Result "1/2-1/2"]
[WhiteElo "1699"]
[BlackElo "1803"]
[Annotator "jd"]
[PlyCount "38"]
[EventDate "2002.02.08"]

1. d4 Nf6 2. c4 e6 3. Nc3 Bb4 4. Qc2 O-O 5. e3 b6 6. Nf3 Ba6 7. Be2 d5 8. Nd2
c5 9. a3 Bxc3 10. bxc3 Qc8 11. O-O Nbd7 12. f4 Rb8 13. Rf3 cxd4 14. cxd4 dxc4
15. e4 b5 16. Rh3 g6 17. Nf3 Re8 18. Ng5 Nf8 19. e5 Nd5 1/2-1/2

[Event "Autumn Cup"]
[Site "Box Hill"]
[Date "2002.02.22"]
[Round "3.7"]
[White "Lojanica, Milenko"]
[Black "Lee, Michelle"]
[Result "1-0"]
[WhiteElo "1985"]
[BlackElo "1646"]
[Annotator "jd"]
[PlyCount "71"]
[EventDate "2002.02.08"]

1. g4 d5 2. Bg2 Bxg4 3. c4 e6 4. cxd5 exd5 5. Qb3 Ne7 6. Nc3 c6 7. Qxb7 Nd7 8.
d4 Qc8 9. Qxc8+ Rxc8 10. Bd2 Nf5 11. e3 Bd6 12. Bf3 Nf6 13. Rc1 O-O 14. h3 Bxf3
15. Nxf3 Rfe8 16. O-O Ne4 17. Rc2 Re6 18. Rfc1 Rh6 19. Nxd5 Rxh3 20. Kg2 Rh5
21. Rxc6 Rxc6 22. Rxc6 Nxd2 23. Rc8+ Bf8 24. Nxd2 Nh4+ 25. Kg3 Rxd5 26. Kxh4 g6
27. Nc4 Kg7 28. Rc7 Rh5+ 29. Kg4 a5 30. f4 Kg8 31. Kg3 Rf5 32. e4 Rf6 33. e5
Ra6 34. d5 a4 35. a3 Ra8 36. d6 1-0

[Event "Autumn Cup"]
[Site "Box Hill"]
[Date "2002.02.22"]
[Round "3.8"]
[White "Chmiel, Rad"]
[Black "Sharman, Scot A"]
[Result "1/2-1/2"]
[WhiteElo "1598"]
[BlackElo "1682"]
[Annotator "jd"]
[PlyCount "30"]
[EventDate "2002.02.08"]

1. Nf3 d5 2. g3 Nf6 3. Bg2 c6 4. c4 dxc4 5. Na3 Nbd7 6. O-O Nb6 7. Qc2 g6 8.
Nxc4 Nxc4 9. Qxc4 Be6 10. Qb4 Qb6 11. Qc3 Bg7 12. d3 O-O 13. Be3 Nd5 14. Qxg7+
Kxg7 15. Bxb6 Nxb6 1/2-1/2

[Event "Autumn Cup"]
[Site "Box Hill"]
[Date "2002.02.22"]
[Round "3.9"]
[White "Saw, Geoffrey"]
[Black "Suderson, Sunilson"]
[Result "1-0"]
[WhiteElo "2179"]
[BlackElo "1593"]
[Annotator "jd"]
[PlyCount "68"]
[EventDate "2002.02.08"]

1. c4 e5 2. g3 c6 3. d4 exd4 4. Qxd4 d5 5. Bg2 Be6 6. cxd5 cxd5 7. Nf3 h6 8.
O-O Nf6 9. Nc3 Nc6 10. Qa4 Bc5 11. Ne5 Qb6 12. Nd3 Be7 13. Be3 Qa5 14. Qxa5
Nxa5 15. Nb5 O-O 16. Nc7 Rac8 17. Nxe6 fxe6 18. Bh3 Kf7 19. Ne5+ Ke8 20. Bxe6
Rc2 21. Rac1 Rxe2 22. Rc8+ Bd8 23. b4 d4 24. Rd1 Nc6 25. Nxc6 bxc6 26. Bxd4
Rxe6 27. Bc5 Nd5 28. Bxf8 Kxf8 29. Rxd8+ Kf7 30. Rd7+ Re7 31. R1xd5 cxd5 32.
Rxe7+ Kxe7 33. Kf1 Kd6 34. Ke2 Ke5 1-0

[Event "Autumn Cup"]
[Site "Box Hill"]
[Date "2002.02.22"]
[Round "3.10"]
[White "Waller, A (Tony)"]
[Black "Stojic, Dusan"]
[Result "0-1"]
[WhiteElo "1755"]
[BlackElo "1577"]
[Annotator "jd"]
[PlyCount "118"]
[EventDate "2002.02.08"]

1. Nf3 Nf6 2. c4 g6 3. Nc3 Bg7 4. g3 O-O 5. Bg2 c5 6. O-O Nc6 7. d3 b6 8. Bg5
h6 9. Bf4 Bb7 10. e4 d6 11. h3 Ne8 12. Qd2 Kh7 13. Rad1 Nc7 14. h4 e5 15. Be3
Ne6 16. Nd5 f5 17. Qc1 Ne7 18. Qb1 Nxd5 19. cxd5 Nc7 20. Qc2 Ba6 21. Nh2 Rc8
22. Rc1 Nb5 23. Qa4 Nc7 24. Rfd1 Ra8 25. Bh3 f4 26. Bd2 Bxd3 27. Bg2 Bb5 28.
Qb3 Qf6 29. Be1 fxg3 30. fxg3 h5 31. Nf3 Be2 32. Ng5+ Kg8 33. Rd2 Ba6 34. Rf2
Qe7 35. Bd2 Rxf2 36. Kxf2 Rf8+ 37. Kg1 Qf6 38. Qe3 Nb5 39. Ne6 Rf7 40. Rf1 Qe7
41. Rxf7 Qxf7 42. Bf1 Nc7 43. Bxa6 Nxa6 44. Qe2 Nc7 45. Nxg7 Qxg7 46. Qf3 Qf7
47. Qa3 Nb5 48. Qe3 Nd4 49. Kg2 b5 50. Qd3 Qd7 51. Qf1 Kg7 52. Bg5 Qf7 53. Qd3
Qd7 54. Qf1 Qf7 55. Qd3 c4 56. Qe3 Kh7 57. Qc3 b4 58. Qxb4 Qf3+ 59. Kh3 Qh1#
0-1

[Event "Autumn Cup"]
[Site "Box Hill"]
[Date "2002.02.22"]
[Round "3.11"]
[White "Jukic, Davor"]
[Black "Lacey, David"]
[Result "1-0"]
[WhiteElo "1725"]
[BlackElo "1559"]
[Annotator "sf"]
[PlyCount "21"]
[EventDate "2002.02.08"]

1. e4 c5 2. Nf3 d6 3. d4 cxd4 4. Nxd4 Nf6 5. Nc3 e6 6. Be2 Be7 7. O-O Nbd7 8.
f4 Qb6 9. Be3 Qxb2 10. Ndb5 Nxe4 11. Nxe4 1-0

[Event "Autumn Cup"]
[Site "Box Hill"]
[Date "2002.02.22"]
[Round "3.12"]
[White "Kable, John R"]
[Black "Lycett, Garry"]
[Result "0-1"]
[WhiteElo "1548"]
[BlackElo "1711"]
[Annotator "sf"]
[PlyCount "78"]
[EventDate "2002.02.08"]

1. c4 c5 2. Nf3 Nf6 3. g3 Nc6 4. Bg2 g6 5. O-O Bg7 6. Na3 O-O 7. d3 e5 8. Bg5
a6 9. Rc1 d6 10. Nc2 Be6 11. Qd2 Qc8 12. b4 Nd7 13. b5 Nd4 14. Ncxd4 exd4 15.
Be7 axb5 16. cxb5 Re8 17. Bxd6 Rxa2 18. Rc2 Rxc2 19. Qxc2 Bd5 20. Bh3 b6 21.
Bf4 Qb7 22. Ng5 Be5 23. Bxd7 Qxd7 24. Bxe5 Rxe5 25. Ne4 Bxe4 26. dxe4 Qxb5 27.
f4 Re7 28. f5 Qc6 29. fxg6 hxg6 30. Rf4 c4 31. h4 Qc5 32. Kh2 b5 33. Rg4 Qe5
34. Qa2 c3 35. Rxg6+ Kh7 36. Rg4 Qe6 37. Qa3 b4 38. Qxb4 c2 39. Qxd4 Qxg4 0-1

[Event "Autumn Cup"]
[Site "Box Hill"]
[Date "2002.02.22"]
[Round "3.16"]
[White "Turner, Adrian E"]
[Black "O'Connor, Phil"]
[Result "1/2-1/2"]
[WhiteElo "1660"]
[BlackElo "1492"]
[Annotator "jp"]
[PlyCount "29"]
[EventDate "2002.02.08"]

1. d4 Nf6 2. c4 c5 3. d5 b5 4. cxb5 a6 5. e3 d6 6. Nc3 g6 7. bxa6 Bg7 8. Nf3
O-O 9. Be2 Bxa6 10. Bxa6 Rxa6 11. O-O Nbd7 12. Qe2 Qa8 13. e4 Ng4 14. Bg5 e6
15. Rfd1 $11 1/2-1/2

[Event "Autumn Cup"]
[Site "Box Hill"]
[Date "2002.02.22"]
[Round "3.17"]
[White "Papa, James"]
[Black "Wilson, Norm"]
[Result "1/2-1/2"]
[WhiteElo "1433"]
[BlackElo "1636"]
[Annotator "sf"]
[PlyCount "30"]
[EventDate "2002.02.08"]

1. d4 Nf6 2. c4 e6 3. Bg5 Be7 4. Nc3 d5 5. e3 O-O 6. Qb3 c6 7. Nf3 Nbd7 8. Bd3
dxc4 9. Bxc4 Nd5 10. Bxe7 Qxe7 11. Nxd5 exd5 12. Bd3 Nf6 13. Ne5 Ng4 14. Nxg4
Bxg4 15. h3 Be6 1/2-1/2

[Event "Autumn Cup"]
[Site "Box Hill"]
[Date "2002.02.22"]
[Round "3.18"]
[White "Simpson, Bruce"]
[Black "Lugo, Ruperto"]
[Result "0-1"]
[WhiteElo "1421"]
[BlackElo "1599"]
[Annotator "sf"]
[PlyCount "66"]
[EventDate "2002.02.08"]

1. c4 Nf6 2. Nc3 g6 3. Nf3 Bg7 4. g3 O-O 5. Bg2 c5 6. O-O Nc6 7. e3 d5 8. cxd5
Nxd5 9. Nxd5 Qxd5 10. Nd4 Qd6 11. Nxc6 bxc6 12. Qa4 Bd7 13. Qc2 Rab8 14. Rb1
Bg4 15. f3 Bf5 16. e4 Bc8 17. b3 Ba6 18. Bb2 Bxf1 19. Rxf1 Bxb2 20. Qxb2 Rfd8
21. Rd1 c4 22. Qc3 cxb3 23. axb3 Qd4+ 24. Qxd4 Rxd4 25. Rc1 Rxd2 26. Rxc6 Rxb3
27. Rc1 a5 28. Bf1 Rxf3 29. Ra1 a4 30. e5 a3 31. Bh3 a2 32. e6 Rb3 33. exf7+
Kf8 0-1

[Event "Autumn Cup"]
[Site "Box Hill"]
[Date "2002.02.22"]
[Round "3.19"]
[White "Liston, Howard"]
[Black "Nincevic, Anton"]
[Result "1-0"]
[WhiteElo "1596"]
[BlackElo "1404"]
[Annotator "sf"]
[PlyCount "53"]
[EventDate "2002.02.08"]

1. e4 e5 2. Nf3 Nc6 3. Bb5 Bd6 4. O-O Nf6 5. Re1 a6 6. Ba4 O-O 7. c3 b5 8. Bc2
Bc5 9. d4 exd4 10. cxd4 Be7 11. Nc3 h6 12. Qe2 d6 13. e5 dxe5 14. dxe5 Nd5 15.
Qe4 f5 16. exf6 Nxf6 17. Qxc6 Bg4 18. Ne5 Bh5 19. Qe6+ Kh8 20. Nc6 Qd6 21. Nxe7
Qxe6 22. Rxe6 Rfe8 23. Bf4 b4 24. Ne4 Nd5 25. Rxh6+ gxh6 26. Be5+ Kh7 27. Ng5#
1-0

[Event "Autumn Cup"]
[Site "Box Hill"]
[Date "2002.02.22"]
[Round "3.22"]
[White "Exner, Rolf"]
[Black "Fell, Rowan"]
[Result "0-1"]
[WhiteElo "1624"]
[BlackElo "1421"]
[Annotator "sf"]
[PlyCount "62"]
[EventDate "2002.02.08"]

1. d4 Nf6 2. c4 g6 3. Nc3 d5 4. Bf4 Bg7 5. Nf3 c5 6. dxc5 Qa5 7. Qa4+ Qxa4 8.
Nxa4 Bd7 9. Nc3 dxc4 10. Ne5 Be6 11. Nb5 Na6 12. e3 Nh5 13. Bxc4 Nxf4 14. exf4
Bxe5 15. Bxe6 Bxf4 16. Bd5 Nxc5 17. O-O a6 18. g3 Bxg3 19. fxg3 axb5 20. Bxf7+
Kd7 21. Rfd1+ Kc7 22. Rac1 Kb6 23. b4 Na6 24. a3 Rac8 25. Rb1 Rhd8 26. Re1 Rc7
27. Rb3 Nb8 28. Rbe3 e5 29. Be6 Nc6 30. Bh3 Nd4 31. R1e2 Nxe2+ 0-1

[Event "Autumn Cup"]
[Site "Box Hill"]
[Date "2002.02.22"]
[Round "3.24"]
[White "Lawson, Shane"]
[Black "Papa, Phil"]
[Result "1-0"]
[WhiteElo "1636"]
[BlackElo "1249"]
[Annotator "sf"]
[PlyCount "87"]
[EventDate "2002.02.08"]

1. e4 c5 2. Nf3 Nc6 3. d4 cxd4 4. Nxd4 g6 5. Nc3 Bg7 6. Be3 Nf6 7. Bc4 d6 8.
Bb3 O-O 9. f3 Bd7 10. Qd2 Rc8 11. O-O-O Na5 12. Bh6 Nxb3+ 13. axb3 Qa5 14. Kb1
Bxh6 15. Qxh6 Rxc3 16. bxc3 Qxc3 17. Qd2 Qc5 18. Kb2 a5 19. Ne2 b5 20. Qxa5 Rc8
21. Qc3 Qf2 22. Qd3 Qxg2 23. h4 Qf2 24. Nd4 Qg3 25. Rdg1 Qf4 26. h5 b4 27. Ne2
Qe5+ 28. Qd4 Qb5 29. Qd2 Qa6 30. Ra1 Qb5 31. hxg6 fxg6 32. Nd4 Qb6 33. Ne2 Qc5
34. Ra2 Qb5 35. Rha1 Qe5+ 36. Nd4 Rc3 37. Rf1 Nh5 38. Kb1 Ng3 39. Rf2 h5 40.
Ne2 h4 41. Nxc3 bxc3 42. Qd5+ Qxd5 43. exd5 h3 44. Ra7 1-0

[Event "Autumn Cup"]
[Site "Box Hill"]
[Date "2002.02.22"]
[Round "3.25"]
[White "Mihalopoulos, Tony"]
[Black "Sucevic, Milic"]
[Result "1/2-1/2"]
[WhiteElo "1372"]
[BlackElo "1594"]
[Annotator "sf"]
[PlyCount "85"]
[EventDate "2002.02.08"]

1. d4 d5 2. Nc3 e6 3. e4 c6 4. e5 Nd7 5. f4 c5 6. Nf3 cxd4 7. Nxd4 Bc5 8. Bb5
a6 9. Bxd7+ Bxd7 10. O-O Qb6 11. Nce2 Ne7 12. Kh1 g6 13. c3 Nf5 14. Rb1 O-O-O
15. b4 Be7 16. a4 f6 17. a5 Qc7 18. Nxf5 gxf5 19. Be3 Qc4 20. Bd4 fxe5 21. Bxe5
Rhg8 22. Nd4 Rg6 23. Rf2 Rdg8 24. Rfb2 Bb5 25. Nxb5 axb5 26. Qg1 h5 27. Qa7 Qc6
28. Ra1 Qa6 29. Qb8+ Kd7 30. Qc7+ Ke8 31. Bd4 Bd8 32. Qe5 h4 33. Re1 Kf7 34.
Re3 Qc6 35. Bc5 d4 36. Ree2 dxc3 37. Rbc2 Qf3 38. h3 Qf1+ 39. Kh2 Qd1 40. Qxc3
Bc7 41. Be3 Rc8 42. Qd2 Qxd2 43. Rexd2 1/2-1/2

[Event "Autumn Cup"]
[Site "Box Hill"]
[Date "2002.02.22"]
[Round "3.26"]
[White "Petrou, Anthony"]
[Black "Stanning, Trevor"]
[Result "0-1"]
[WhiteElo "1217"]
[BlackElo "1583"]
[Annotator "sf"]
[PlyCount "26"]
[EventDate "2002.02.08"]

1. e4 d5 2. exd5 Nf6 3. c4 e6 4. dxe6 Bxe6 5. Qf3 Nc6 6. Na3 Bc5 7. Nc2 O-O 8.
d3 Bg4 9. Qg3 Qd7 10. h3 Rfe8+ 11. Be3 Bd6 12. Qh4 Rxe3+ 13. Nxe3 Bb4# 0-1

[Event "Autumn Cup"]
[Site "Box Hill"]
[Date "2002.02.22"]
[Round "3.27"]
[White "Muthusamy, Reubban"]
[Black "Stojic, Svetozar"]
[Result "0-1"]
[WhiteElo "1206"]
[BlackElo "1575"]
[Annotator "sf"]
[PlyCount "66"]
[EventDate "2002.02.08"]

1. e4 c5 2. Nf3 d6 3. d4 cxd4 4. Nxd4 Nf6 5. Nc3 g6 6. Bc4 Bg7 7. O-O O-O 8.
Re1 Nc6 9. Be3 Ng4 10. Nxc6 bxc6 11. Qd2 Nxe3 12. Qxe3 Rb8 13. Rab1 Rb4 14. b3
Qa5 15. f4 Rxc4 16. bxc4 Bxc3 17. Rf1 c5 18. Kh1 Bd4 19. Qg3 Qxa2 20. Qb3 Qxb3
21. cxb3 Bb7 22. Rfe1 Bc3 23. Re3 Bd2 24. Rf3 Bxe4 25. Rff1 Bxb1 26. Rxb1 Bxf4
27. Ra1 Rb8 28. Rxa7 Rxb3 29. g3 Bg5 30. h4 Bf6 31. Kg2 Rb4 32. g4 Bxh4 33.
Ra8+ Kg7 0-1

[Event "Autumn Cup"]
[Site "Box Hill"]
[Date "2002.02.22"]
[Round "3.28"]
[White "Bourmistrov, Alex"]
[Black "Lee, Melissa"]
[Result "1-0"]
[WhiteElo "1500"]
[BlackElo "1204"]
[Annotator "sf"]
[PlyCount "61"]
[EventDate "2002.02.08"]

1. d4 d5 2. c4 e6 3. Nc3 c6 4. cxd5 cxd5 5. e3 Nf6 6. Bd3 Nc6 7. Nge2 Bd6 8.
Ng3 e5 9. dxe5 Bxe5 10. O-O O-O 11. a3 Re8 12. Qc2 g6 13. b4 a6 14. Bb2 b5 15.
f4 Bc7 16. Rae1 Bb7 17. e4 Bb6+ 18. Kh1 Nd4 19. Qd1 dxe4 20. Ncxe4 Rc8 21. f5
Rc6 22. fxg6 hxg6 23. Nxf6+ Rxf6 24. Rxe8+ Qxe8 25. Rxf6 Ba7 26. Bb1 Qe5 27.
Rf2 Qe3 28. Rd2 Ne6 29. Rd8+ Nxd8 30. Qxd8+ Kh7 31. Qh8# 1-0

[Event "Autumn Cup"]
[Site "Box Hill"]
[Date "2002.02.22"]
[Round "3.30"]
[White "Fielder, Shaun"]
[Black "Nemeth, Laszlo"]
[Result "0-1"]
[WhiteElo "1141"]
[BlackElo "1494"]
[Annotator "sf"]
[PlyCount "76"]
[EventDate "2002.02.08"]

1. e4 g6 2. d4 Bg7 3. c4 d6 4. Nc3 c6 5. Nf3 Bg4 6. Be3 Nd7 7. Be2 Ngf6 8. Qd2
h6 9. h3 Bxf3 10. Bxf3 Qc7 11. O-O Rc8 12. Rac1 e5 13. d5 c5 14. Bd1 g5 15. Ba4
Nh5 16. Ne2 O-O 17. h4 Nf4 18. hxg5 hxg5 19. Ng3 Nf6 20. Bc2 Ng4 21. Nf5 Nh6
22. Nxg7 Kxg7 23. Bd1 Qd7 24. Rc3 Rh8 25. Bxf4 gxf4 26. g3 Rcg8 27. Kg2 Ng4 28.
Rh1 Rxh1 29. Kxh1 Rh8+ 30. Kg2 Nf6 31. gxf4 Nxe4 32. Rg3+ Nxg3 33. fxg3 Qh3+
34. Kf3 Qh1+ 35. Ke3 Rh2 36. Be2 exf4+ 37. Kxf4 Qg1 38. Qc3+ Qd4+ 0-1

[Event "Autumn Cup"]
[Site "Box Hill"]
[Date "2002.02.22"]
[Round "3.31"]
[White "Sellayah, Renishka"]
[Black "Neymanis, Eric"]
[Result "1/2-1/2"]
[WhiteElo "1126"]
[BlackElo "1466"]
[Annotator "sf"]
[PlyCount "103"]
[EventDate "2002.02.08"]

1. d4 d5 2. Nf3 e6 3. Bf4 Be7 4. e3 c6 5. Bd3 Nf6 6. h3 h6 7. Nbd2 Nbd7 8. c3
b5 9. O-O c5 10. Bxb5 Qb6 11. Qb3 c4 12. Bxd7+ Nxd7 13. Qxb6 axb6 14. b3 b5 15.
bxc4 bxc4 16. Rfb1 O-O 17. e4 Ra3 18. exd5 exd5 19. Rc1 Nb6 20. Nb1 Ra6 21. Re1
Bf6 22. Bd6 Rd8 23. Bc7 Rf8 24. Bxb6 Rxb6 25. Re2 Bf5 26. Re1 Ra6 27. a3 Rfa8
28. Nfd2 Be7 29. Re5 Be6 30. Re2 Bd8 31. Nf3 Bc7 32. Rea2 Bf5 33. Nfd2 Bd6 34.
a4 Bf4 35. a5 Bc7 36. Ra4 Rxa5 37. Rxa5 Rxa5 38. Rxa5 Bxa5 39. Kf1 Bxb1 40.
Nxb1 Kf8 41. Ke2 Ke7 42. Kd2 g5 43. g4 Bc7 44. f3 Bd6 45. Ke2 Ke6 46. Nd2 f5
47. Nf1 Bf4 48. Ne3 Bxe3 49. Kxe3 Kf6 50. f4 Kg6 51. Kf3 h5 52. Kg3 1/2-1/2

[Event "Autumn Cup"]
[Site "Box Hill"]
[Date "2002.02.22"]
[Round "3.32"]
[White "Hickman, Casey"]
[Black "Carey, Peter"]
[Result "1-0"]
[WhiteElo "1118"]
[BlackElo "1451"]
[Annotator "sf"]
[PlyCount "129"]
[EventDate "2002.02.08"]

1. e4 c6 2. d4 d5 3. Nc3 dxe4 4. Nxe4 Bf5 5. Ng3 Bg6 6. Nf3 Nd7 7. Bd3 Bxd3 8.
Qxd3 e6 9. Bf4 Ngf6 10. a3 Be7 11. O-O O-O 12. Ng5 h6 13. Nf3 Nd5 14. Bd2 Qc7
15. Nh5 N7f6 16. Nxf6+ Nxf6 17. Rfe1 Bd6 18. c4 Rad8 19. h3 Qb6 20. b4 Qc7 21.
Be3 Rd7 22. Qd2 Kh7 23. Qc2+ Kh8 24. g3 Bxg3 25. fxg3 Qxg3+ 26. Qg2 Qxg2+ 27.
Kxg2 Nh7 28. Ne5 Rdd8 29. Rf1 Kg8 30. Rf4 Nf6 31. Raf1 Rde8 32. Rxf6 gxf6 33.
Nd7 Kg7 34. Nxf8 Rxf8 35. Kg3 Rg8 36. Rf4 Kh7+ 37. Rg4 Rg6 38. Rxg6 fxg6 39.
Bf4 a6 40. Bd6 g5 41. Be7 Kg6 42. a4 f5 43. Kf3 Kh5 44. Kg3 f4+ 45. Kf3 Kh4 46.
Kg2 f3+ 47. Kxf3 Kxh3 48. Bf8 g4+ 49. Kf2 Kh2 50. Bxh6 g3+ 51. Kf3 g2 52. Be3
g1=Q 53. Bxg1+ Kxg1 54. Ke4 Kf2 55. Ke5 Ke3 56. d5 exd5 57. cxd5 cxd5 58. Kxd5
Kd3 59. Kc5 Kc3 60. b5 Kb3 61. bxa6 bxa6 62. a5 Kc3 63. Kb6 Kc4 64. Kxa6 Kc5
65. Kb7 1-0

[Event "Autumn Cup"]
[Site "Box Hill"]
[Date "2002.02.22"]
[Round "3.33"]
[White "Alamanos, John"]
[Black "Chan, Robert K"]
[Result "1-0"]
[WhiteElo "1375"]
[BlackElo "1115"]
[Annotator "jp"]
[PlyCount "85"]
[EventDate "2002.02.08"]

1. Nf3 g6 2. g3 Bg7 3. Bg2 c6 4. d4 d5 5. c3 Bf5 6. Nh4 Bxb1 7. Rxb1 f5 8. Qc2
Nf6 9. O-O O-O 10. f3 Nbd7 11. e4 e6 12. Re1 a6 13. Bd2 Kf7 14. e5 Ne8 15. f4
Nc7 16. c4 Rh8 17. a4 b5 18. axb5 axb5 19. cxd5 cxd5 20. Ra1 Rc8 21. Qd3 Rb8
22. Nf3 h6 23. Rec1 Rb7 24. Ba5 Nb6 25. b3 Qd7 26. Rc5 Bf8 27. Rc2 Be7 28. Rac1
Rc8 29. Bf1 b4 30. Bxb6 Rxb6 31. Ne1 Rbb8 32. Qe2 h5 33. Nd3 Nb5 34. Qf2 Nc3
35. h3 Ra8 36. Be2 Ne4 37. Qg2 Rxc2 38. Rxc2 Rc8 39. Rxc8 Qxc8 40. g4 Qc2 41.
gxh5 gxh5 42. Bxh5+ Kf8 43. Qxc2 1-0

[Event "Autumn Cup"]
[Site "Box Hill"]
[Date "2002.02.22"]
[Round "3.34"]
[White "Ziffer, Rocheleh"]
[Black "Loizou, Loizos"]
[Result "0-1"]
[WhiteElo "1097"]
[BlackElo "1274"]
[Annotator "hl"]
[PlyCount "76"]
[EventDate "2002.02.08"]

1. e4 e5 2. f4 exf4 3. Nf3 d6 4. d4 Nf6 5. Nc3 Bg4 6. Bxf4 Be7 7. Bc4 O-O 8.
Qe2 c6 9. O-O-O Nfd7 10. h3 Bh5 11. g4 Bg6 12. h4 h6 13. Rdg1 b5 14. Bb3 a5 15.
h5 a4 16. Bxa4 bxa4 17. hxg6 fxg6 18. Bd2 a3 19. b3 Na6 20. Qc4+ Kh7 21. Qe2
Kg8 22. Rf1 c5 23. Qh2 Bf6 24. Qxd6 cxd4 25. Nxd4 Bxd4 26. Qxd4 Nf6 27. Qxd8
Raxd8 28. g5 hxg5 29. Bxg5 Rde8 30. Bxf6 gxf6 31. Rhg1 Kg7 32. Rf5 Nb4 33. Rf2
Rc8 34. Rf3 Rh8 35. Rfg3 g5 36. e5 Rh2 37. exf6+ Kxf6 38. Ne4+ Ke7 {
White lost on time} 0-1

[Event "Autumn Cup"]
[Site "Box Hill"]
[Date "2002.02.22"]
[Round "3.35"]
[White "Martin, Richard"]
[Black "Chong, Trevor"]
[Result "0-1"]
[WhiteElo "939"]
[BlackElo "1220"]
[Annotator "hl"]
[PlyCount "44"]
[EventDate "2002.02.08"]

1. e4 e5 2. Nf3 Nc6 3. Bb5 a6 4. Ba4 Nf6 5. O-O Be7 6. Re1 b5 7. Bb3 d6 8. c3
O-O 9. d4 exd4 10. cxd4 Bg4 11. Qd3 Re8 12. Nbd2 Nb4 13. Qc3 c5 14. e5 cxd4 15.
Nxd4 Nfd5 16. Bxd5 Nxd5 17. Qg3 dxe5 18. Nc6 Qd7 19. Nxe5 Bd6 20. Nb3 Bxe5 21.
Rxe5 Rxe5 22. Qxe5 Re8 0-1

[Event "Autumn Cup"]
[Site "Box Hill"]
[Date "2002.02.22"]
[Round "3.36"]
[White "Hopf, Lorna"]
[Black "Eer, Derek"]
[Result "1-0"]
[WhiteElo "1205"]
[BlackElo "816"]
[Annotator "hl"]
[PlyCount "71"]
[EventDate "2002.02.08"]

1. e4 e5 2. Nf3 Nc6 3. Bc4 Nf6 4. d3 h6 5. a3 Bc5 6. Nc3 b6 7. O-O Bb7 8. Bd2
Qe7 9. Nd5 Nxd5 10. Bxd5 O-O-O 11. b4 Bd6 12. c4 g5 13. b5 Nb8 14. Bxb7+ Kxb7
15. a4 a5 16. bxa6+ Nxa6 17. a5 Rdg8 18. axb6 cxb6 19. Be3 Bc5 20. Qa4 Nb4 21.
Bxc5 Qxc5 22. Qxd7+ Kb8 23. Qxf7 g4 24. Nh4 Rf8 25. Qa7+ Kc8 26. Ng6 Nc6 27.
Qa8+ Kc7 28. Nxf8 Qxf8 29. Qxf8 Rxf8 30. f3 Nd4 31. fxg4 Ne2+ 32. Kh1 Rd8 33.
Rf7+ Kd6 34. Rf6+ Kc7 35. Ra7+ Kc8 36. Ra8+ 1-0

[Event "Autumn Cup"]
[Site "Box Hill"]
[Date "2002.02.22"]
[Round "3.37"]
[White "Mah, Zunyou"]
[Black "Gunawan, Andy"]
[Result "1/2-1/2"]
[WhiteElo "938"]
[BlackElo "1391"]
[Annotator "hl"]
[PlyCount "94"]
[EventDate "2002.02.08"]

1. d4 e6 2. c4 c5 3. e3 Nf6 4. Nf3 Be7 5. Nc3 O-O 6. d5 exd5 7. cxd5 d6 8. e4
Bg4 9. Be2 Nbd7 10. Be3 Qa5 11. O-O Qb4 12. Rb1 Nxe4 13. Nxe4 Qxe4 14. Bd3 Qb4
15. a3 Qa5 16. Re1 Rfe8 17. Bd2 Qc7 18. Rc1 Ne5 19. Be2 Bf6 20. Nxe5 Bxe2 21.
Rxe2 Bxe5 22. b4 b6 23. bxc5 bxc5 24. Qe1 Qd7 25. Rc4 Bd4 26. Bc3 Rxe2 27. Qxe2
Qf5 28. Bxd4 Qb1+ 29. Qf1 Qxf1+ 30. Kxf1 cxd4 31. Rxd4 Rc8 32. Re4 Kf8 33. a4
g6 34. g4 a5 35. Kg2 Re8 36. Kf3 Rxe4 37. Kxe4 Ke7 38. f4 f6 39. h4 h6 40. g5
hxg5 41. hxg5 fxg5 42. fxg5 Kd7 43. Kd4 Kc7 44. Ke4 Kb6 45. Kd4 Kc7 46. Kc3 Kb6
47. Kc4 Ka6 1/2-1/2

[Event "Autumn Cup"]
[Site "Box Hill"]
[Date "2002.02.22"]
[Round "3.38"]
[White "Tischman, Fred"]
[Black "Mihalopoulos, Jason"]
[Result "1-0"]
[WhiteElo "1385"]
[BlackElo "914"]
[Annotator "hl"]
[PlyCount "43"]
[EventDate "2002.02.08"]

1. e4 d5 2. e5 Bf5 3. Nf3 a6 4. Bd3 Bg6 5. O-O Nc6 6. a3 e6 7. Re1 f6 8. b4
Bxd3 9. cxd3 Nxe5 10. Nxe5 fxe5 11. Rxe5 Qf6 12. Qe1 Ne7 13. Nc3 Qf7 14. Rxe6
g6 15. Bb2 Rd8 16. Qe3 d4 17. Rxe7+ Qxe7 18. Qxe7+ Kxe7 19. Ne2 b6 20. Nxd4 c5
21. Nc6+ Kf7 22. Nxd8+ 1-0

[Event "Autumn Cup"]
[Site "Box Hill"]
[Date "2002.02.22"]
[Round "3.39"]
[White "Fell, Nathan"]
[Black "Gombik, Louis"]
[Result "0-1"]
[WhiteElo "873"]
[BlackElo "1360"]
[Annotator "hl"]
[PlyCount "80"]
[EventDate "2002.02.08"]

1. d4 Nf6 2. c4 d5 3. cxd5 Nxd5 4. e4 Nb6 5. Nf3 g6 6. Nc3 Bg7 7. Be2 Nc6 8.
O-O Bg4 9. h3 Bxf3 10. Bxf3 Nxd4 11. Be3 Nxf3+ 12. Qxf3 e5 13. Bxb6 axb6 14.
Rfd1 Qc8 15. Nd5 Ra6 16. Nf6+ Bxf6 17. Qxf6 O-O 18. Qxe5 Ra5 19. Qf6 Qe6 20.
Qxe6 fxe6 21. Rd7 Rf7 22. Rxf7 Kxf7 23. a3 Ra4 24. f3 Rd4 25. Rc1 c6 26. b4 h5
27. Rc3 h4 28. Kh2 Ke7 29. g3 Rd2+ 30. Kg1 hxg3 31. Rb3 e5 32. b5 c5 33. Kf1 g5
34. Kg1 Kd6 35. Kf1 c4 36. Rc3 Rd4 37. f4 exf4 38. e5+ Kd5 39. Rc2 f3 40. e6
Re4 0-1

[Event "Autumn Cup"]
[Site "Box Hill"]
[Date "2002.02.22"]
[Round "3.40"]
[White "Wan, James"]
[Black "Qian, Paul"]
[Result "1-0"]
[WhiteElo "1360"]
[BlackElo "911"]
[Annotator "hl"]
[PlyCount "97"]
[EventDate "2002.02.08"]

1. Nf3 d5 2. d4 Nc6 3. e3 Bg4 4. Nbd2 Nf6 5. c4 e6 6. a3 Ne4 7. Bd3 Bd6 8. Nxe4
dxe4 9. Bxe4 f5 10. Bd3 b6 11. Qa4 Bxf3 12. gxf3 Qd7 13. e4 Nxd4 14. Qxd7+ Kxd7
15. exf5 Nxf3+ 16. Kf1 Nd4 17. fxe6+ Nxe6 18. Bf5 Rae8 19. Bd2 g6 20. Bh3 Kd8
21. Re1 Nd4 22. Bc3 Nc2 23. Rc1 Ne3+ 24. fxe3 Rhf8+ 25. Ke2 Bf4 26. Rcd1+ Bd6
27. Bb4 Rf6 28. Rd3 a5 29. Bc3 Rf7 30. Rhd1 Ke7 31. b4 a4 32. c5 Bxh2 33. Rd7+
Kf8 34. Rxf7+ Kxf7 35. Rd7+ Kf8 36. cxb6 cxb6 37. Rxh7 Be5 38. Bxe5 Rxe5 39.
Rb7 Rh5 40. Bg4 Rh4 41. Bf3 Rh5 42. Rxb6 Rh2+ 43. Kd3 Kg7 44. Ra6 Kh6 45. Rxa4
Rh3 46. Be4 g5 47. Ra6+ Kh5 48. Bg6+ Kh4 49. Ra5 1-0